000 00618nam a22001697a 4500
005 20260218144130.0
008 260218b |||||||| |||| 00| 0 eng d
020 _a9789393875037
040 _cVITAP
082 _223
_a070.4 NAM
100 _aNambath, Suresh Ed.
_917100
245 _aThe Hindu Book of Editorials 2021
_b: A Curated Selection
_c/ Suresh Nambath Ed.
260 _aChennai
_bTHG Publishing Pvt Ltd.
_c2023
300 _a324p,21cm
650 0 _aIndian Politics & Governance, COVID-19 Pandemic, Economic Issues, Agriculture & Farmers’ Protests, Judiciary & Legal Affairs etc.
_917102
942 _2ddc
_cREF
999 _c47281
_d47281